Trouvez les pays en A - Statistiques

Statistiques générales
  • Ce quiz a été pris 651 fois
  • Le résultat moyen est 10 sur 14
Statistiques - réponses
Réponse % Correct
Albanie
83%
Allemagne
82%
Armenie
78%
Australie
78%
Algerie
76%
Afghanistan
72%
Angola
70%
Andorre
69%
Autriche
68%
Argentine
67%
Azerbaidjan
66%
Afrique du sud
60%
Arabie saoudite
56%
Antigua-et-barbuda
55%
Aucun quiz correspondant
Distribution des résultats
% des personnes avec chaque résultat
Percentile par nombre de réponses
Votre historique - résultats
Vous n’avez pas pris ce quiz